50 Questions Sur L'Espagne - Statistiques

Statistiques générales
  • Ce quiz a été pris 192 fois
  • Le résultat moyen est 18 sur 50
Statistiques - réponses
Question Réponse % Correct
Capitale et Plus Grande Ville Madrid
99%
Deuxième Plus Grande Ville Barcelone
97%
Devise Monétaire Euro
85%
Communauté Autonome Séparatise Catalogne
68%
Chaîne de Montagne à La Frontière avec La France Pyrénées
68%
Océan Bordant L'Espagne Atlantique
66%
Pays situé à L'ouest de L'Espagne Portugal
66%
Homme Ayant "Découvert" L'Amérique Christophe Colomb
63%
Mer Bordant L'Espagne Méditerranée
62%
Espagne en Espagnol España
60%
Union dont L'Espagne fait Partie Union Européenne
58%
Année de la Découverte de L'Amérique 1492
56%
Peinture que cet Artiste Réalisa en 1937 Guernica
54%
Chef lieu de la Communauté Autonome de L'Andalousie Séville
51%
Artiste Emblématique Espagnol étant Mort en 1973 Pablo Picasso
50%
Plat fait à base de fruits de Mers Paella
43%
Club Catalan que Lionel Messi a quitté en 2021 FC Barcelone
42%
Péninsule que ces derniers se partagent Péninsule Ibérique
42%
Nombre de Communautés Autonomes 17
40%
Régime Politique installé après cette Guerre Dictature
39%
Célèbre Tenissman originaire de Mallorque Rafael Nadal
38%
Exclave Portugaise frontalière du Maroc ayant Été Cédée à L'Espagne Ceuta
37%
Personnage de Fiction Masqué ayant pour acolyte Bernardo Zorro
37%
Actuel Roi Felipe VI
34%
Père de L'actuel Roi Juan Carlos
34%
Pays Hispagnophone ayant obtenu son Indépendance en 1821 Mexique
32%
Dynastie à Laquelle L'actuel Roi Appartient Bourbon
31%
Pays d'Afrique Frontalier du Gabon Ayant été Colonisé par L'Espagne Guinée Équatoriale
27%
Date de La Dernière Victoire de la Coupe du Monde 2010
25%
Principal Auteur de cette Guerre Francisco Franco
25%
Ville de L'est de L'Espagne Ayant une Communauté Autonome à son Nom Valence
25%
Homme attirant un Taureau avec un Tissu Rouge Toréador
24%
Ville de Naicansse de Picasso Malaga
23%
Nom d'une Guerre ayant Éclatée en 1936 Guerre Civile Espagnole
22%
Nom donné au Plan de reconquête du sud de la Péninsule Ibérique Reconquista
21%
Animal National Espagnol Taureau
20%
Actuel Premier Ministre Pedro Sanchez
17%
Régime Politique Monarchie Constitutionelle
13%
Vénézuelien ayant Chassé les Colombs d'Amérique du Sud Simon Bolivar
13%
Célèbre vin Produit dans La Région de Cadix Xérès
13%
Colonie Espagnol actuellement occupée par le Maroc Sahara Occidental
12%
Ville du Sud est de L'Espagne Ayant une Communauté Autonome à son Nom Murcie
10%
Merveille du Monde Située dans une Province du pays si dessus Chichén Itzá
9%
Date de La Mort se Francisco Franco 1976
8%
Province Ou cette Merveille du Monde se Situe Yucatán
8%
Conquistador ayant Vaincu les Incas Francisco Pizzaro
6%
Ville Ou Une Guerre Civile à Éclatée Melila
6%
Surnom de ce dernier Libertador
5%
Condominium Situé entre La France et L'Espagne administrée par les 2 états Île des Faisans
4%
Date de L'apogée de L'empire Espagnol 1789
0%
Aucun quiz correspondant
Distribution des résultats
% des personnes avec chaque résultat
Percentile par nombre de réponses
Votre historique - résultats
Vous n’avez pas pris ce quiz